00774 2200313 4500001002100000005001500021035002000036007000300056040001700059100001600076245004800092250001000140300003100150020002200181041000800203082001200211084002400223090001800247264003200265336001500297337001300312338001500325500000800340650002700348850001000375990002500385990002500410990002500435INLIS00000000001380720260114104010 a0010-0126000053ta aSBPUPADbind aInsani Kids aJus 'Amma Tajwid Tiga Bahasa /cInsani Kids aCet.1 a128 hlm :billus. ;c24 cm a978-623-10-5373-2 bind a297.122 2[23]a297.122 INS j a297.122 INS j aDepok :bInsani Kids,c2024 2rdacontent 2rdamedia 2rdacarrier aJus aJus 'Amma - AL- Qur'an aPUPAD a40.566/APBD/DPK/2026 a40.567/APBD/DPK/2026 a40.565/APBD/DPK/2026